Fundamentals of turbomachines (Record no. 41304)

000 -LEADER
fixed length control field 00597nam a22002175i 4500
001 - CONTROL NUMBER
control field 41304
003 - CONTROL NUMBER IDENTIFIER
control field BD-DhUET
008 - FIXED-LENGTH DATA ELEMENTS--GENERAL INFORMATION
fixed length control field 141021s2015 nyu 000 0 eng
020 ## - INTERNATIONAL STANDARD BOOK NUMBER
International Standard Book Number 9789402403480
040 ## - CATALOGING SOURCE
Original cataloging agency DLC
Language of cataloging eng
Transcribing agency DLC
Modifying agency BD-DhUET
082 ## - DEWEY DECIMAL CLASSIFICATION NUMBER
Classification number 621.406
Item number DIC/2015
100 ## - MAIN ENTRY--PERSONAL NAME
Personal name Dick, Erik
245 00 - TITLE STATEMENT
Title Fundamentals of turbomachines
250 ## - EDITION STATEMENT
Edition statement 1st ed.
260 ## - PUBLICATION, DISTRIBUTION, ETC. (IMPRINT)
Place of publication, distribution, etc. New York
Name of publisher, distributor, etc. Springer Science+Business Media
Date of publication, distribution, etc. 2015
300 ## - PHYSICAL DESCRIPTION
Extent xxviii, 564 p.
490 ## - SERIES STATEMENT
Series statement Fluid mechanics and its applications;Volume 109
504 ## - BIBLIOGRAPHY, ETC. NOTE
Bibliography, etc Includes bibliographies
650 #0 - SUBJECT ADDED ENTRY--TOPICAL TERM
Topical term or geographic name as entry element Turbomachines
942 ## - ADDED ENTRY ELEMENTS (KOHA)
Koha item type General Book
Holdings
Koha renewals Piece designation (barcode) Koha out on loan Koha date last borrowed Koha issues (times borrowed) Price effective from Shelving location Koha full call number Source of classification or shelving scheme Withdrawn status Koha date last seen Location (home branch) Copy number Koha item type Damaged status Sublocation or collection (holding branch) Lost status Not for loan Date acquired Koha normalized classification for sorting
 116276   2018-07-04Circulation section621.406/DIC/2015  2018-07-04Central Library, BUET1General Book Central Library, BUET  2018-06-23621_406000000000000_DIC_2015
 116277   2018-07-04Circulation section621.406/DIC/2015  2018-07-04Central Library, BUET2General Book Central Library, BUET  2018-06-23621_406000000000000_DIC_2015
 116359   2018-07-17Circulation section621.406/DIC/2015  2018-07-17Central Library, BUET3General Book Central Library, BUET  2018-06-23621_406000000000000_DIC_2015
11163602023-09-202020-02-1012018-07-17Circulation section621.406/DIC/2015  2020-02-10Central Library, BUET4General Book Central Library, BUET  2018-06-23621_406000000000000_DIC_2015